000 00841nam a2200277 i 4500
001 000045100
003 DO-SdBNP
005 20251114100036.0
007 ta
008 150202s1987 dr a 000 0 spa d
040 _aDO-SdBNP
_bspa
_cBNPHU
_erda
041 _aspa
082 _axxxxxxx
_bR696c
_222
100 1 _aRodríguez, Héctor Manuel
_eautor
_936592
245 1 0 _aCiencias la naturaleza y sus manifestaciones /
_cHéctor Manuel Rodríguez.
250 _aTercera edición
260 _c1987.
264 _aSanto Domingo :
_bSusaeta Ediciones Dominicana,
_c[fecha desconocida]
300 _a176 páginas :
_bilustraciones ;
_c25 cm.
336 _ardacontent
_btexto
_2txt
337 _ardamedia
_bsin mediación
_2n
338 _ardacarrier
_bvolumen
_2nc
590 _aInventariado, 2025/DG
910 _aDG
942 _2ddc
_cLBS1
999 _c44589
_d44589